000 00602nam a2200241Ia 4500
003 OSt
005 20221005115532.0
006 a|||||r|||| 00| 0
007 ta
008 221004b |||||||| |||| 00| 0 tam d
024 _a45618
037 _cTextual
040 _aCRL
_cCRL
_btam
041 _2tam
_atam
082 _a4, 31M1
100 _aVembuswami N. Au.
_9627693
245 0 _aCheydhikkup pin.........patthirikai iyal
260 _c1981
300 _a246p.
_ccm.
650 _aJOURNALISM
942 _h4, 31M1
_cTEXL
_2cc
999 _c1035125
_d1035125